| 000 | 01812cam a22004457a 4500 | ||
|---|---|---|---|
| 001 | 000023931 | ||
| 003 | CHAP | ||
| 005 | 20220329134612.0 | ||
| 008 | 971013s1978 mx r 00010 spa d | ||
| 010 | _a22885 | ||
| 011 | _a23857 | ||
| 035 | _a27954 | ||
| 040 | _cCHAP | ||
| 082 | 0 | 4 |
_a634.95 _bB73Y |
| 100 | 0 | 0 |
_aBraathe, Peder. _914906 |
| 245 | 1 | 4 | _aLos aclareos en rodales coetáneos. |
| 260 |
_aChapingo, Méx. : _bUACH. Departamento de Bosques, _c1978. |
||
| 300 | _a143 p. | ||
| 490 | 1 | _aUACH. Departamento de Bosques. Publicaciones especiales | |
| 590 |
_aBATCH-UPD _b10 _c20130110 _lUCH01 _h0226 |
||
| 590 |
_aBATCH-UPD _b10 _c20130110 _lUCH01 _h1825 |
||
| 590 |
_aCONVERSION _b10 _c20130109 _lUCH01 _h1313 |
||
| 590 |
_aE5995AHE _b05 _c20150325 _lUCH01 _h1300 |
||
| 590 |
_aE5995AHE _b10 _c20150325 _lUCH01 _h1300 |
||
| 650 | 1 | 4 |
_aAclareos. _9615 |
| 830 | 0 |
_aUACH. Departamento de Bosques. Publicaciones especiales _9115858 |
|
| 901 | _aBK | ||
| 942 | _cLIBRO | ||
| 942 | _n0 | ||
| 949 |
_a634.95 B73Y _bBC _cLIBRO _d33724000235115 _eLIBRO _h48185 _i27954 _si |
||
| 949 |
_a634.95 B73Y _bBC _cLIBRO _d33724000235131 _eLIBRO _fc.4 _h48188 _i27954 _si |
||
| 949 |
_a634.95 B73Y _bBC _cLIBRO _d33724000235149 _eLIBRO _fc.5 _h48189 _i27954 _si |
||
| 949 |
_a634.95 B73Y _bBC _cLIBRO _d33724000235156 _eLIBRO _fc.6 _h48190 _i27954 _si |
||
| 949 |
_a634.95 B73Y _bBC _cLIBRO _d33724000235164 _eLIBRO _fc.7 _h48191 _i27954 _si |
||
| 949 |
_a634.95 B73Y _bBC _cLIBRO _d33724000235172 _eLIBRO _fc.8 _h48192 _i27954 _si |
||
| 949 |
_a634.95 B73Y _bBC _cLIBRO _d33724000664082 _eLIBRO _fc.9 _h48193 _i27954 _si |
||
| 949 |
_a634.95 B73Y _bBC _cLIBRO _d33724000667762 _eLIBRO _fc.3 _h48187 _i27954 _si |
||
| 949 |
_a634.95 B73Y _bBC _cLIBRO _d33724000685111 _eLIBRO _fc.2 _h48186 _i27954 _sb |
||
| 949 |
_a634.95 B73Y _bBC _cUACH _d-139482 _eUACH _fc.10 _h48194 _i27954 _si |
||
| 999 |
_c22885 _d22885 |
||